| 000 | 00919nam a2200289Ia 4500 | ||
|---|---|---|---|
| 008 | 160803s9999 xx 000 0 und d | ||
| 020 | _a978-0545221313 | ||
| 100 | _aShecter, Vicky Alvear | ||
| 245 | _aCleopatra's moon / | ||
| 245 | _cVicky Alvear Shecter. | ||
| 260 | _aNew York : | ||
| 260 | _bScholastic Inc. | ||
| 260 | _c2011 | ||
| 300 | _a355 pages ; | ||
| 300 | _c22 cm | ||
| 650 | _aAntonius, Marcus, -- 83 B.C.?-30 B.C. -- | ||
| 650 | _aCleopatra, -- Queen of Egypt, -- -30 B.C. -- | ||
| 650 | _aCleopatra, -- Queen, consort of Juba II, King of Mauretania, -- 40 B.C.- -- | ||
| 650 | _aJuba -- II, -- King of Mauretania, -- approximately 50 B.C.-approximately 24 A.D. -- | ||
| 650 | _aPrincesses -- | ||
| 650 | _xJuvenile fiction. | ||
| 650 | _xJuvenile fiction. | ||
| 650 | _xJuvenile fiction. | ||
| 650 | _xJuvenile fiction. | ||
| 650 | _xJuvenile fiction. | ||
| 700 | _a730 | ||
| 999 |
_c298586 _d298586 |
||